[Event "Arco op 31st"]
[Site "Arco"]
[Date "2009.10.24"]
[Round "8"]
[White "Del Nevo, Claudio"]
[Black "Matei, Bogdan Stefan"]
[Result "1/2-1/2"]
[WhiteElo "1858"]
[BlackElo "1707"]
[PlyCount "124"]
[EventDate "2009.10.17"]
[EventType "swiss"]
[EventRounds "9"]
[EventCountry "ITA"]
[SourceTitle "EXT 2010"]
[Source "ChessBase"]
[SourceDate "2010.11.25"]
[SourceVersion "1"]
[SourceVersionDate "2010.11.25"]
[SourceQuality "1"]

1. d4 c6 2. Nf3 d5 3. c3 Bf5 4. Bf4 Nd7 5. Nbd2 Ngf6 6. e3 e6 7. h3 Be7 8. g4 Bg6 9. Nh4 Ng8 10. Nxg6 hxg6 11. Nf3 Ngf6 12. Bg2 Qb6 13. Qd2 0-0 14. Bg5 Rfe8 15. Bxf6 Nxf6 16. g5 Nd7 17. h4 Bf8 18. h5 gxh5 19. Rxh5 g6 20. Rh3 e5 21. 0-0-0 e4 22. Rdh1 Bg7 23. Nh2 Qd8 24. Rg3 c5 25. Qe2 Nf8 26. Ng4 Ne6 27. Nh6+ Bxh6 28. Rxh6 Nxg5 29. Qg4 Ne6 30. Rgh3 Kf8 31. dxc5 Qg5 32. Qxg5 Nxg5 33. Rg3 Ne6 34. b4 a5 35. Kb2 Kg7 36. Rgh3 axb4 37. cxb4 Ra4 38. Rh7+ Kf6 39. a3 Ng5 40. Rh8 Nxh3 41. Rxe8 Nxf2 42. Kb3 Ra7 43. Rd8 Ng4 44. Rxd5 Nxe3 45. Rd6+ Ke7 46. Bxe4 f5 47. Bf3 g5 48. Rd3 f4 49. b5 g4 50. b6 Ra5 51. Bxb7 Rxc5 52. Kb4 Rc1 53. Ba8 Rb1+ 54. Kc5 g3 55. Bc6 Rc1+ 56. Kb5 Rxc6 57. Kxc6 g2 58. Rd7+ Kf6 59. b7 g1Q 60. Rd6+ Ke7 61. Rd7+ Ke6 62. Rd6+ Ke7 1/2-1/2

[Event "Arco op 31st"]
[Site "Arco"]
[Date "2009.10.20"]
[Round "5"]
[White "Kummer, Heinz"]
[Black "Matei, Bogdan Stefan"]
[Result "0-1"]
[WhiteElo "1863"]
[BlackElo "1707"]
[PlyCount "100"]
[EventDate "2009.10.17"]
[EventType "swiss"]
[EventRounds "9"]
[EventCountry "ITA"]
[SourceTitle "EXT 2010"]
[Source "ChessBase"]
[SourceDate "2010.11.25"]
[SourceVersion "1"]
[SourceVersionDate "2010.11.25"]
[SourceQuality "1"]

1. e4 c6 2. d4 d5 3. Nc3 dxe4 4. Nxe4 Bf5 5. Ng3 Bg6 6. h4 h6 7. Nf3 Nd7 8. h5 Bh7 9. Bd3 Bxd3 10. Qxd3 e6 11. Bd2 Ngf6 12. Qe2 Qc7 13. 0-0-0 0-0-0 14. Kb1 c5 15. c4 cxd4 16. Nxd4 Qe5 17. Bc3 Qxe2 18. Ndxe2 Bc5 19. f3 a6 20. Kc2 Rhg8 21. Rd3 Bb6 22. Rhd1 Bc7 23. Bd2 g6 24. Bf4 e5 25. Bxh6 gxh5 26. Nf5 Rxg2 27. Ne7+ Kb8 28. R1d2 Ba5 29. Nc3 Rxd2+ 30. Bxd2 Nc5 31. Re3 Ne6 32. Rxe5 Nd4+ 33. Kc1 Bc7 34. Rg5 Nxf3 35. Rf5 Nxd2 36. Rxf6 Nxc4 37. Rxf7 h4 38. Rh7 Bf4+ 39. Kc2 Rd2+ 40. Kb3 Nxb2 41. Rxh4 Nd3 42. Ned5 Nc5+ 43. Kc4 Bd6 44. Rh8+ Ka7 45. Rh7 Rg2 46. Ne3 Rf2 47. Ned5 Rf3 48. a4 Rg3 49. Rh4 Nxa4 50. Ne4 Nb2+ 0-1